Biggest Cities in Arizona in 1950 - Statistics

General Stats
  • This quiz has been taken 95 times
  • The average score is 11 of 20
Answer Stats
Population County Answer % Correct
106,818 Maricopa Phoenix
100%
45,454 Pima Tucson
99%
16,790 Maricopa Mesa
97%
7,663 Coconino Flagstaff
93%
9,145 Yuma Yuma
86%
3,799 Maricopa Chandler
82%
8,179 Maricopa Glendale
80%
7,684 Maricopa Tempe
80%
6,704 Yavapai Prescott
66%
6,153 Santa Cruz Nogales
58%
6,518 Navajo Winslow
46%
4,181 Pinal Casa Grande
39%
9,442 Cochise Douglas
37%
6,419 Gila Globe
37%
3,801 Cochise Bisbee
25%
4,306 Pinal Coolidge
23%
4,329 Gila Miami
21%
3,756 Graham Safford
15%
3,466 Greenlee Clifton
10%
3,580 Pinal Eloy
8%
No matching quizzes found
Score Distribution
Percent of People with Each Score
Percentile by Number Answered
Your Score History
You have not taken this quiz